000 00784nas a2200241 4500
001 BR2014001147
003 BR-BrBNA
005 20231205123734.0
007 ta
008 230509b bl.|||p| |||| 00| 00por d
040 _aBR-BrBNA
_bpor
_cBiblioteca Nacional de Agricultura
041 _a(Pt)
072 _aP40; U10
100 1 _aBack, A.J.
245 1 _aDesempenho de métodos empíricos baseados na temperatura do ar para a estimativa da evapotranspiração de referência em Urussanga, SC
650 _aCLIMATOLOGIA
650 _aTEMPERATURA
650 _aIRRIGAÇÃO
650 _aMODELO MATEMÁTICO
773 0 _tIrriga (Brazil)
_xISSN 1808-3765
_g(Oct-Dec 2008), v. 13(4) p. 449-466
_wBR2014001147
909 _a202311
_bLúcia
_c55
_dLúcia Elande
942 _2AGRIS
_n0
_cANA
999 _c235453
_d235453